BIBLIOTECA PODER JUDICIAL
Portal Judicial TDF

Capacidad jurídica de los penados con pena privativa de libertad por más de tres años y su intervención en juicio. Aspectos normativos y procesales / (Registro nro. 5621)

000 -LEADER
fixed length control field 01274nab a22002297a 4500
003 - CONTROL NUMBER IDENTIFIER
control field OSt
005 - DATE AND TIME OF LATEST TRANSACTION
control field 20251222231155.0
008 - FIXED-LENGTH DATA ELEMENTS--GENERAL INFORMATION
fixed length control field 190429b xxu||||| |||| 00| 0 spa d
040 ## - CATALOGING SOURCE
Transcribing agency PJ
100 ## - MAIN ENTRY--PERSONAL NAME
9 (RLIN) 6595
Personal name Sarde, Sebastián M.
245 10 - TITLE STATEMENT
Title Capacidad jurídica de los penados con pena privativa de libertad por más de tres años y su intervención en juicio. Aspectos normativos y procesales /
Statement of responsibility, etc Sebastián M. Sarde.
260 ## - PUBLICATION, DISTRIBUTION, ETC. (IMPRINT)
Date of publication, distribution, etc Ciudad Autónoma de Buenos Aires :
Place of publication, distribution, etc Thomson Reuters La Ley,
Name of publisher, distributor, etc 2025.
300 ## - PHYSICAL DESCRIPTION
Extent p. 80-85
500 ## - GENERAL NOTE
General note Cita: TR LALEY AR/DOC/1253/2025.
505 ## - FORMATTED CONTENTS NOTE
Formatted contents note Sumario: I. Introducción.— II. La inhabilitación a la capacidad de ejercicio impuesta por el art. 12 del Cód. Penal: evolución normativa e interpretación doctrinaria.— III. La restricción de la capacidad y su impacto en el proceso civil y comercial.— IV. Conclusión.
505 ## - FORMATTED CONTENTS NOTE
Title Si te interesa el texto completo, solicitalo a koha@justierradelfuego.gov.ar
650 #0 - SUBJECT ADDED ENTRY--TOPICAL TERM
9 (RLIN) 343
Topical term or geographic name as entry element DERECHO PENAL
650 #0 - SUBJECT ADDED ENTRY--TOPICAL TERM
9 (RLIN) 2348
Topical term or geographic name as entry element PROCESO PENAL
650 #0 - SUBJECT ADDED ENTRY--TOPICAL TERM
9 (RLIN) 3926
Topical term or geographic name as entry element RESTRICCIONES A LA CAPACIDAD
773 0# - HOST ITEM ENTRY
Host Biblionumber 2658
Host Itemnumber 3164
Title Revista de derecho penal y criminología. Nº 11 - Diciembre 2025
Place, publisher, and date of publication Ciudad Autónoma de Buenos Aires : Thomson Reuters La Ley, 2017-
International Standard Serial Number 00347914
942 ## - ADDED ENTRY ELEMENTS (KOHA)
Source of classification or shelving scheme
Koha item type Analítica Artículo de Revista

No hay ítems disponibles.

12 de Octubre 789 Ushuaia - Tel:  54(02901)441571
Horario de Atención: 8.00 a 17.00 hs. 
bibliotecaush@justierradelfuego.gov.ar
koha@justierradelfuego.gov.ar
Seguinos en nuestras redes @bibliojustdf 

Con tecnología Koha